Statystyki dla Najpowszechniejsze pierwiastki w organizmie człowieka

Kliknij tutaj aby rozwiązać quiz!

Ogólne statystyki

  • Ten quiz został rozwiązany 2,588 razy
  • Średni wynik to 8 z 12

Statystyki odpowiedzi

Proporcja Pierwiastek % poprawnych
65%Tlen
97%
10%Wodór
88%
18%Węgiel
82%
3%Azot
80%
0,006%Żelazo
73%
1,4%Wapń
65%
0,05%Magnez
63%
0,25%Potas
60%
0,25%Siarka
51%
1,1%Fosfor
43%
0,15%Sód
43%
0,15%Chlor
36%

Rozkład punktacji

Percentyl według liczby udzielonych odpowiedzi

Procent ludzi z każdym wynikiem

Twoja historia wyników

Nie rozwiązałeś tego quizu